Normal view
MARC view
- سيرة نبوية
Entry Topical Term
001 - CONTROL NUMBER
- control field: 9109
003 - CONTROL NUMBER IDENTIFIER
- control field: JO-AjAnu
005 - DATE AND TIME OF LATEST TRANSACTION
- control field: 20230606071751.0
008 - FIXED-LENGTH DATA ELEMENTS
- fixed length control field: 230606|| aca||aabn | a|a d
040 ## - CATALOGING SOURCE
- Original cataloging agency: JO-AjAnu
- Transcribing agency: JO-AjAnu
150 ## - HEADING--TOPICAL TERM
- Topical term or geographic name entry element: سيرة نبوية
670 ## - SOURCE DATA FOUND
- Source citation: Work cat.: (JO-AjAnu)4698: عساف،احمد محمد, author 9108, خلاصة الأثر في سيرة سيد البشر:حياة الرسول محمد صلى الله عليه وسلم مستقاه من سيرة ابن هشام ومن اوثق المصادر واصحها ومكتوبة باسلوب عصري ومبسط